000 00699nmm a2200217Ia 4500
008 251105s9999||||xx |||||||||||||||||und||
020 _a9788498950762
041 _aspa
100 _aRodríguez Núñez, Víctor
245 0 _aLa Poesía del siglo XX en Cuba :
_b Antología Esencial
264 _a[Madrid, España] :
_bVisor Libros,
_c2011
300 _a463 páginas
490 _aLa estafeta del viento
650 _aLatin American poetry
700 _aRodríguez Núñez, Víctor
700 1 _a Rodríguez Núñez, Víctor
700 1 _a Rodríguez Núñez, Víctor
700 1 _a Rodríguez Núñez, Víctor
856 _uhttps://public.digitaliapublishing.com/a/27824
942 _cCF
999 _c70645
_d70645